| 000 | 00503nam a2200169Ia 4500 | ||
|---|---|---|---|
| 003 | GCL | ||
| 008 | 140319s9999 xx 000 0 ara d | ||
| 040 |
_aGCL / _cGCL |
||
| 082 | 0 | 4 |
_a166 _bع.ق |
| 100 | 1 | _aعباس محمود عوض | |
| 245 | 1 | 0 |
_aالقياس النفسى بين النظرية والتطبيق / _cعباس محمود عوض |
| 260 |
_a[S.N] : _bدار المعرفة الجامعية |
||
| 490 | _a | ||
| 650 | 0 | 4 | _aعلم النفس |
| 650 | 0 | 4 | _aالقياس |
| 942 |
_2ddc _cBK |
||
| 999 |
_c54037 _d54037 |
||